Statistics for Česká města podle obrázků #1

Click here to take the quiz!

General Stats

  • This quiz has been taken 302 times
    (290 since last reset)
  • The average score is 8 of 20

Answer Stats

Answer% Correct
Praha
100%
Olomouc
79%
Český Krumlov
63%
Karlovy Vary
63%
Ostrava
59%
Brno
54%
Telč
54%
Litomyšl
50%
Liberec
41%
Ústí nad Labem
40%
Zlín
34%
Plzeň
30%
Kutná Hora
25%
Jičín
24%
Havířov
21%
Cheb
20%
Znojmo
20%
Děčín
17%
Most
14%
Kroměříž
9%

Score Distribution

Percentile by Number Answered

Percent of People with Each Score

Your Score History

You have not taken this quiz since the last reset